市辖区人口占比最低的地级市 - Statistics

General Stats
  • This quiz has been taken 31 times
    30 since last reset
  • The average score is 46 of 58
Answer Stats
比例 省级行政区 地级行政区 % Correct
7.77% 湖北省 黄冈市
95%
20.70% 西藏自治区 那曲市
95%
12.22% 湖南省 邵阳市
91%
14.40% 江西省 吉安市
91%
14.63% 河南省 驻马店市
91%
16.43% 云南省 临沧市
91%
17.90% 云南省 昭通市
91%
18.27% 贵州省 铜仁市
91%
18.91% 贵州省 毕节市
91%
19.52% 西藏自治区 昌都市
91%
19.83% 西藏自治区 日喀则市
91%
13.43% 山西省 吕梁市
86%
17.40% 黑龙江省 黑河市
86%
19.06% 河南省 周口市
86%
20.76% 浙江省 金华市
86%
21.21% 河南省 南阳市
86%
21.46% 山西省 忻州市
86%
21.68% 湖南省 永州市
86%
21.94% 河北省 承德市
86%
23.79% 河南省 商丘市
86%
10.90% 河北省 沧州市
82%
15.53% 湖南省 怀化市
82%
17.31% 云南省 普洱市
82%
18.58% 黑龙江省 绥化市
82%
19.68% 福建省 泉州市
82%
19.82% 福建省 宁德市
82%
20.48% 湖南省 衡阳市
82%
20.85% 广西壮族自治区 崇左市
82%
21.00% 河北省 廊坊市
82%
21.98% 河南省 新乡市
82%
23.05% 西藏自治区 山南市
82%
24.12% 山西省 临汾市
82%
24.31% 河南省 信阳市
82%
16.47% 广东省 汕尾市
77%
16.73% 甘肃省 定西市
77%
19.26% 辽宁省 铁岭市
77%
19.44% 山西省 运城市
77%
19.63% 安徽省 滁州市
77%
20.04% 内蒙古自治区 呼伦贝尔市
77%
21.16% 广西壮族自治区 玉林市
77%
22.40% 江西省 宜春市
77%
22.42% 浙江省 丽水市
77%
19.66% 湖南省 娄底市
73%
20.42% 湖北省 荆州市
73%
21.53% 湖南省 郴州市
73%
23.03% 云南省 丽江市
73%
23.15% 湖北省 孝感市
73%
19.31% 安徽省 安庆市
68%
21.86% 广西壮族自治区 百色市
68%
23.57% 甘肃省 庆阳市
68%
23.85% 河南省 平顶山市
68%
23.87% 辽宁省 朝阳市
64%
22.71% 甘肃省 陇南市
59%
23.17% 陕西省 商洛市
59%
24.74% 湖北省 咸宁市
59%
24.91% 内蒙古自治区 乌兰察布市
59%
24.80% 广东省 河源市
55%
24.66% 吉林省 通化市
32%
No matching quizzes found
Score Distribution
Percent of People with Each Score
Percentile by Number Answered
Your Score History
You have not taken this quiz since the last reset